| 000 | 00834nam a2200253 i 4500 | ||
|---|---|---|---|
| 999 |
_c4125 _d4125 |
||
| 005 | 20191224041724.0 | ||
| 008 | 140314s2004 ck ||||| |||| 00| 0 spa d | ||
| 040 |
_aCO-BoIAVH _cCO-BoIAVH |
||
| 041 | _aspa | ||
| 044 | _ack | ||
| 082 | 0 | 4 |
_a333.7516 _bC74c |
| 111 | 2 |
_aColombia: País de Bosques y Vida. Conferencia Internacional de Bosques ( _cSanta Marta _dNoviembre 18-20, 2003 ) |
|
| 245 | 1 | 0 |
_aColombia, país de bosques y vida : _bMemorias de la Conferencia internacional de Bosques. |
| 260 |
_aSantamarta : _bGTZ, _c2004. |
||
| 300 | _a542 páginas | ||
| 650 | 1 | 4 | _aConservación de bosques |
| 650 | 2 | 4 | _aBosques |
| 650 | 2 | 4 | _aAgroforestería |
| 662 | _aColombia | ||
| 700 | 1 | _aSaile, Peter | |
| 700 | 1 | _aTorres, María Angela | |
| 942 |
_cLIBRO _2ddc |
||
| 945 | _d2004-08-24 | ||